00195nam a2200073Ia 4500082000800000245001400008100005800022008004100080 aVAN 0aKampioen  a VAN DEN BERGH, Kas Pretoria, 1992 Grootdrukuitg 210817s9999 xx 000 0 und d